000 00705nam a2200289Ia 4500
005 20260324130147.0
008 008 260324s9999 xx 000 0 eng d
020 _a9781315603438
037 _aEBOOK
040 _aCRL
040 _beng
040 _cCRL
041 _2eng
041 _aeng
084 _qCRL
100 _aGeorgios Antonopoulos; John Winterdyk
_91180730
245 0 _aRacist Victimization
245 0 _bInternational Reflections and Perspectives
260 _bTaylor and Francis
260 _c2008
365 _a
365 _b240
856 _uhttp://www.taylorfrancis.com/books/9781315603438
942 _cEBOOK
999 _c1776658
_d1776658